<?xml version="1.0" encoding="UTF-8"?>
<collection xmlns="http://www.loc.gov/MARC21/slim">
 <record>
  <leader>00402pamaa2200133   4500</leader>
  <controlfield tag="001">0000024569</controlfield>
  <controlfield tag="005">20061110090000.0</controlfield>
  <datafield tag="020" ind1="0" ind2="0">
   <subfield code="a">9070306093 </subfield>
  </datafield>
  <datafield tag="090" ind1="0" ind2="0">
   <subfield code="a">PS584 </subfield>
   <subfield code="b">LOV 1984</subfield>
  </datafield>
  <datafield tag="100" ind1="1" ind2="0">
   <subfield code="a">LOVELOCK </subfield>
  </datafield>
  <datafield tag="245" ind1="1" ind2="4">
   <subfield code="a">The line forward : </subfield>
   <subfield code="b">a survey of modern dutch poetry in English translation  </subfield>
   <subfield code="c">Yann Lovelock.</subfield>
  </datafield>
  <datafield tag="260" ind1="0" ind2="0">
   <subfield code="a">Netherlands: </subfield>
   <subfield code="b">Scott Rollins for Bridges Books, </subfield>
   <subfield code="c">1984.</subfield>
  </datafield>
  <datafield tag="300" ind1=" " ind2=" ">
   <subfield code="a">146p.; </subfield>
   <subfield code="c">22cm.</subfield>
  </datafield>
  <datafield tag="650" ind1="0" ind2="0">
   <subfield code="a">Poetry </subfield>
  </datafield>
 </record>
</collection>
